Kultúrne leto v Jaslovských Bohuniciach otvoria v amfiteátri Špirek festom

Bibliographic Details
Main Author: Piovarči, Rasťo (Author)
Format: Article
Language:Slovak
PhysicalDescription:Fotogr.
ISSN:1335-4442
Subjects:

MARC

LEADER 00000nab a2200000 a 4500
001 vtls009527370
003 SK-MaSNL
005 20260303210339.0
008 090618 2009 xo w 000 0 slo
038 |a TNKJF 
040 |a TNKJF  |b slo  |c TNKJF  |e AACR2 
041 0 |a slo 
044 |a xo  |c SK 
080 |a 78.079:394.1/.7  |x (437.612.732)  |2 2001 
080 |a 394.1/.7  |x (437.612.732)  |2 2001 
100 1 |a Piovarči, Rasťo  |4 aut  |9 1034554 
245 1 0 |a Kultúrne leto v Jaslovských Bohuniciach otvoria v amfiteátri Špirek festom  |c Rasťo Piovarči 
300 |b Fotogr. 
648 7 |a leto 2009  |2 tnkjf  |9 1241941 
650 0 7 |a hudobné festivaly  |2 tnkjf  |9 2958 
650 0 7 |a kultúrne podujatia  |2 tnkjf  |9 71676 
651 7 |a Jaslovské Bohunice (Slovensko)  |2 tnkjf  |9 25541 
773 0 |t Trnavské noviny - MY  |g Roč. 19, č. 21 (2009), s. 15  |x 1335-4442 
852 |a TNKJF  |b KIS3GCP 
999 |c 2199867  |d 2201797